00323nam a2200133Ia 4500003000400000008004100004020002200045040000800067100001800075245003200093260003900125300001400164365001100178LDD181029s9999 xx 000 0 und d a195678974c595.00 cLDD aHarriss, John 0aPower MatterscJohn Harriss aNew DelhibOxford Universityc2006 axi, 314p. b595.00